000 00308nam a22001337a 4500
008 171108b xxu||||| |||| 00| 0 eng d
020 _a9780324143928
041 _aeng
080 _26 ED
_a330.322
100 _a64
101 _aINV
245 _aREAL ESTATE INVESTMENT
_cGOETERS..J.E
942 _2udc
_cBK
999 _c38248
_d38248